Sociologie de l'engagement corporel : Risques sportifs et pratiques ''extrêmes'' dans la société contemporaine (notice n° 1568783)
[ vue normale ]
| 000 -LEADER | |
|---|---|
| fixed length control field | 01220cam a2200145 4500500 |
| 005 - DATE AND TIME OF LATEST TRANSACTION | |
| control field | 20251214005331.0 |
| 041 ## - LANGUAGE CODE | |
| Language code of text/sound track or separate title | fre |
| 042 ## - AUTHENTICATION CODE | |
| Authentication code | dc |
| 100 10 - MAIN ENTRY--PERSONAL NAME | |
| Personal name | Soulé, Bastien |
| Relator term | author |
| 245 00 - TITLE STATEMENT | |
| Title | Sociologie de l'engagement corporel : Risques sportifs et pratiques ''extrêmes'' dans la société contemporaine |
| 260 ## - PUBLICATION, DISTRIBUTION, ETC. | |
| Name of publisher, distributor, etc. | Armand Colin,<br/> |
| Date of publication, distribution, etc. | 2007.<br/> |
| 520 ## - SUMMARY, ETC. | |
| Summary, etc. | Les sports de l’extrême, la radicalisation de l’engagement corporel des sportifs et de nombreuses pratiques de loisir constituent un phénomène caractéristique de nos sociétés contemporaines. Les auteurs de ce livre explorent ce phénomène. Quelles sont les motivations de ceux qui s’exposent au-delà du raisonnable, à la fois pour eux-mêmes (surentraînement, prises de risque excessives), pour la collectivité (coût des opérations de secours, questions de santé publique) et l’éthique sportive (dopage) ? Quels sont les modes de régulation du danger adoptés par les professionnels du monde sportif, les spécialistes de la sécurité et les pouvoirs publics ? |
| 700 10 - ADDED ENTRY--PERSONAL NAME | |
| Personal name | Corneloup, Jean |
| Relator term | author |
| 856 41 - ELECTRONIC LOCATION AND ACCESS | |
| Uniform Resource Identifier | <a href="https://shs.cairn.info/sociologie-de-l-engagement-corporel--9782200345785?lang=fr&redirect-ssocas=7080">https://shs.cairn.info/sociologie-de-l-engagement-corporel--9782200345785?lang=fr&redirect-ssocas=7080</a> |
Pas d'exemplaire disponible.




Réseaux sociaux